LDR 00908naa#a2200193#i#450# 001 RU\\bibl\20224 005 20260701155934.3 100 ## _a20260630b2026####ek#y0rusy0150####ca 102 ## _aRU 200 1# _aМОДЕЛИРОВАНИЕ В МЕДИЦИНЕ: КАК ВИРТУАЛЬНЫЕ ТЕХНОЛОГИИ СПАСАЮТ РЕАЛЬНЫЕ ЖИЗНИ _eСтатья/тезисы конференции 210 1# _aВоронеж _cВоронежский государственный лесотехнический университет имени Г.Ф. Морозова _d2026 215 ## _a6 с. 608 ## _aСтатья/тезисы конференции _2local 675 ## _aКомпьютерное моделирование. 004.94 _z 700 #1 _aМишушина _gЕ. О. 700 #1 _aЗаленская _gН. Ю. 700 #1 _aБенамри _gИ. 700 #1 _aАботчие _gДж. В. 856 4# _abibl.vgltu.ru _u